[Event "LEM Nachwuchs M-V u16 vom 08.-11.07.202"]
[Site "MaJuWi Greifswald/Wieck"]
[Date "2021.07.08"]
[Round "1.4"]
[White "Scharf, Christian"]
[Black "Kirchner, Bao Long Marc"]
[Result "1-0"]
[WhiteElo "1050"]
[BlackElo "1224"]
[PlyCount "57"]
[EventDate "2021.??.??"]
[WhiteTeam "SG Güstrow"]
[BlackTeam "TuS Makkabi Rostock"]

1. e4 c5 2. Nf3 e6 3. d4 cxd4 4. Nxd4 Nc6 5. Nc3 a6 6. Be2 Nf6 7. O-O Be7 8.
Be3 O-O 9. f4 d6 10. Bf3 Qc7 11. Qe2 e5 12. Nxc6 bxc6 13. fxe5 dxe5 14. Rad1
Bb7 15. Qf2 c5 16. Qg3 Kh8 17. Bg5 c4 18. Kh1 Rad8 19. Bxf6 Bxf6 20. Be2 Rd4
21. Rxd4 Qb6 22. Rxc4 Qxb2 23. Rb1 Qxc2 24. Rxb7 Rd8 25. h3 Kg8 26. Nd5 Qxe2
27. Nxf6+ Kh8 28. Rxf7 Qf1+ 29. Kh2 1-0

[Event "LEM Nachwuchs M-V u16 vom 08.-11.07.202"]
[Site "MaJuWi Greifswald/Wieck"]
[Date "2021.07.08"]
[Round "1.5"]
[White "Decker, Nils"]
[Black "Röste, Hugo"]
[Result "0-1"]
[WhiteElo "1334"]
[BlackElo "1597"]
[PlyCount "38"]
[EventDate "2021.??.??"]
[WhiteTeam "SV Gryps"]
[BlackTeam "TuS Makkabi Rostock"]

1. e4 c5 2. Nc3 e6 3. d3 a6 4. a4 Nc6 5. Nge2 Qc7 6. g3 Nf6 7. Bg2 Be7 8. Nf4
b6 9. O-O Bb7 10. Re1 O-O 11. Nh5 Nxh5 12. Qxh5 Nd4 13. Bf4 d6 14. Rac1 Bf6 15.
e5 dxe5 16. Bxe5 Bxe5 17. Qxe5 Qd7 18. Bxb7 Qxb7 19. Re4 Nf3+ 0-1

[Event "LEM Nachwuchs M-V u16 vom 08.-11.07.202"]
[Site "MaJuWi Greifswald/Wieck"]
[Date "2021.07.08"]
[Round "1.6"]
[White "Kruse, Johannes"]
[Black "Ahmed Ibrahim, Labed"]
[Result "1-0"]
[WhiteElo "1448"]
[BlackElo "1215"]
[PlyCount "50"]
[EventDate "2021.??.??"]
[WhiteTeam "ESV Waren"]
[BlackTeam "SV Motor Wolgast"]

1. e4 c5 2. Nf3 Nc6 3. d4 cxd4 4. Nxd4 d6 5. Nc3 Nf6 6. Be3 e5 7. Nb3 Be6 8.
Qd2 Be7 9. O-O-O O-O 10. f3 a6 11. Nd5 b5 12. Nxe7+ Qxe7 13. Qxd6 Qxd6 14. Rxd6
Rac8 15. Rd2 Nd7 16. Be2 f5 17. Rhd1 Rfd8 18. Rd6 f4 19. Bf2 Bxb3 20. axb3 Ndb8
21. Bb6 Rxd6 22. Rxd6 Kf7 23. Kd1 Ke7 24. Bc5 Nd7 25. Rxc6+ Nxc5 1-0

[Event "LEM Nachwuchs M-V u16 vom 08.-11.07.202"]
[Site "MaJuWi Greifswald/Wieck"]
[Date "2021.07.08"]
[Round "1.7"]
[White "Hampe, Tobias"]
[Black "Le, Tomab Linh"]
[Result "1/2-1/2"]
[WhiteElo "1247"]
[BlackElo "1534"]
[PlyCount "56"]
[EventDate "2021.??.??"]
[WhiteTeam "Lok Pritzwalk"]
[BlackTeam "SG Neubrandenburg"]

1. e4 d6 2. Nf3 Nf6 3. Nc3 g6 4. Bc4 Bg7 5. d3 c5 6. Bg5 Nc6 7. O-O O-O 8. Qd2
Bg4 9. Bxf6 Bxf6 10. Ng5 e6 11. Nxh7 Kxh7 12. f3 Bh5 13. g4 Rg8 14. Kh1 Bd4 15.
Ne2 Na5 16. Nxd4 cxd4 17. Rg1 Qf6 18. gxh5 gxh5 19. Rxg8 Rxg8 20. Qf2 Qg6 21.
Rg1 Qxg1+ 22. Qxg1 Rxg1+ 23. Kxg1 e5 24. h4 f5 25. a4 Nxc4 26. dxc4 a5 27. Kf2
Kg6 28. Ke2 Kf6 1/2-1/2

[Event "LEM Nachwuchs M-V u16 vom 08.-11.07.202"]
[Site "MaJuWi Greifswald/Wieck"]
[Date "2021.07.08"]
[Round "1.8"]
[White "Tennigkeit, Paul"]
[Black "Markovych, Leonid"]
[Result "1-0"]
[WhiteElo "1569"]
[BlackElo "1218"]
[PlyCount "107"]
[EventDate "2021.??.??"]
[WhiteTeam "Lok Pritzwalk"]
[BlackTeam "TuS Makkabi Rostock"]

1. e4 c5 2. Nf3 e6 3. c3 d5 4. exd5 Qxd5 5. Bb5+ Bd7 6. Bxd7+ Nxd7 7. d4 Ngf6
8. O-O Be7 9. Re1 O-O 10. Bf4 Rac8 11. Nbd2 Nb6 12. Re5 Qd8 13. Ne4 Nbd7 14.
Nxf6+ Nxf6 15. Bg5 Nd7 16. Bxe7 Qxe7 17. Rh5 Nf6 18. Rh3 Rfd8 19. Qd3 g6 20.
Qe3 Qf8 21. Qg5 Qg7 22. Qh4 Rd5 23. Ne5 cxd4 24. cxd4 Nd7 25. Ng4 h5 26. Ne5
Nxe5 27. dxe5 Rcd8 28. Re3 Rd1+ 29. Re1 R1d4 30. Qe7 R4d7 31. Qa3 a6 32. Rac1
Qh6 33. g3 Qd2 34. Qc3 Qxc3 35. Rxc3 Rd2 36. Rb3 Rd1 37. Kf1 Rxe1+ 38. Kxe1 Rd7
39. Ke2 Kf8 40. Ke3 Kg7 41. Rd3 Rxd3+ 42. Kxd3 f6 43. Kd4 b6 44. a4 Kf7 45. b4
fxe5+ 46. Kxe5 Ke7 47. h4 a5 48. b5 Kd7 49. Kf6 Kd6 50. Kxg6 Kc5 51. g4 Kb4 52.
gxh5 Kxa4 53. h6 Kxb5 54. h7 1-0

[Event "LEM Nachwuchs M-V u16 vom 08.-11.07.202"]
[Site "MaJuWi Greifswald/Wieck"]
[Date "2021.07.08"]
[Round "1.9"]
[White "Warda, Valentino"]
[Black "Breß, Amy Charlize"]
[Result "1/2-1/2"]
[WhiteElo "1004"]
[BlackElo "1551"]
[PlyCount "49"]
[EventDate "2021.??.??"]
[WhiteTeam "SF Schwerin"]
[BlackTeam "SAV Torgelow"]

1. c4 c5 2. g3 Nf6 3. Bg2 e6 4. Nc3 Be7 5. e4 Nc6 6. Nf3 d6 7. O-O a6 8. d3 Qc7
9. Be3 O-O 10. h3 Rb8 11. a3 b6 12. Qc2 Bb7 13. Rfd1 Rfd8 14. b3 d5 15. cxd5
exd5 16. Bf4 Bd6 17. Bxd6 Qxd6 18. Qe2 Re8 19. Qc2 Nd4 20. Nxd4 cxd4 21. Nxd5
Nxd5 22. exd5 Bxd5 23. Bxd5 Qxd5 24. Qc4 Qxc4 25. bxc4 1/2-1/2

[Event "LEM Nachwuchs M-V u16 vom 08.-11.07.202"]
[Site "MaJuWi Greifswald/Wieck"]
[Date "2021.07.08"]
[Round "1.10"]
[White "Wellßow, Keoki"]
[Black "Camen, Gerris"]
[Result "1-0"]
[WhiteElo "1510"]
[BlackElo "823"]
[PlyCount "51"]
[EventDate "2021.??.??"]
[WhiteTeam "TuS Makkabi Rostock"]
[BlackTeam "Lok Pritzwalk"]

1. c4 e5 2. g3 Bc5 3. Bg2 Nf6 4. Nc3 d6 5. e3 Nc6 6. a3 a5 7. Nge2 O-O 8. O-O
Bf5 9. d4 exd4 10. exd4 Ba7 11. Be3 Ng4 12. Bf4 Qf6 13. h3 Nh6 14. g4 g5 15.
Be3 Be6 16. d5 Rfe8 17. dxc6 Bxe3 18. fxe3 Qe5 19. Qd4 Qxd4 20. exd4 b6 21. d5
Bc8 22. Ne4 Kg7 23. N2g3 Ba6 24. Nh5+ Kf8 25. Rac1 b5 26. Nxg5 1-0

[Event "LEM Nachwuchs M-V u16 vom 08.-11.07.202"]
[Site "MaJuWi Greifswald/Wieck"]
[Date "2021.07.09"]
[Round "2.1"]
[White "Großmann, Piet"]
[Black "Kruse, Johannes"]
[Result "1-0"]
[WhiteElo "1902"]
[BlackElo "1448"]
[PlyCount "95"]
[EventDate "2021.??.??"]
[WhiteTeam "SAV Torgelow"]
[BlackTeam "ESV Waren"]

1. e4 c5 2. Nf3 Nc6 3. d4 cxd4 4. Nxd4 e6 5. Nc3 a6 6. g3 Nf6 7. Bg2 Be7 8. O-O
O-O 9. Be3 Qc7 10. g4 Nxd4 11. Bxd4 e5 12. Be3 d6 13. g5 Nd7 14. Nd5 Qd8 15.
Qd2 a5 16. Rfd1 f6 17. Nxe7+ Qxe7 18. Qxd6 Qf7 19. Bh3 Ra6 20. Qd5 Qxd5 21.
exd5 fxg5 22. Be6+ Kh8 23. Rd2 h6 24. Rad1 Nf6 25. Bc5 Rd8 26. Be7 Re8 27. Bxf6
gxf6 28. Bxc8 Rxc8 29. d6 Kg7 30. c4 Rac6 31. b3 Kf7 32. Rd5 b6 33. d7 Rd8 34.
Rd6 Rxd6 35. Rxd6 a4 36. Rxb6 axb3 37. axb3 Rxd7 38. c5 Ke7 39. b4 h5 40. Kg2
Rd3 41. b5 Rc3 42. Rb7+ Kd8 43. c6 Ra3 44. b6 Ra8 45. Rh7 Ra6 46. b7 Rb6 47.
Rh8+ Kc7 48. Rc8+ 1-0

[Event "LEM Nachwuchs M-V u16 vom 08.-11.07.202"]
[Site "MaJuWi Greifswald/Wieck"]
[Date "2021.07.09"]
[Round "2.2"]
[White "Röste, Hugo"]
[Black "Breß, Aaron"]
[Result "0-1"]
[WhiteElo "1597"]
[BlackElo "1795"]
[PlyCount "116"]
[EventDate "2021.??.??"]
[WhiteTeam "TuS Makkabi Rostock"]
[BlackTeam "SAV Torgelow"]

1. d4 c6 2. c4 d5 3. Nf3 Nf6 4. Nc3 dxc4 5. a4 Bf5 6. Nh4 e6 7. Nxf5 exf5 8. e3
Bb4 9. Bxc4 O-O 10. O-O Nbd7 11. Qc2 g6 12. f3 a5 13. e4 Nb6 14. Ne2 fxe4 15.
Bg5 e3 16. Bxe3 Nxc4 17. Qxc4 Re8 18. Bg5 Qd5 19. Qxd5 Nxd5 20. Ng3 f6 21. Bh6
Re7 22. Ne4 Rae8 23. Bd2 Bxd2 24. Nxd2 Ne3 25. Rfc1 f5 26. Nb3 Rd8 27. Re1 f4
28. Rac1 Rd5 29. Rc5 Red7 30. Rxa5 Rxa5 31. Nxa5 Rxd4 32. Nxb7 Rxa4 33. Nc5 Rc4
34. Ne6 Nd5 35. Re4 Rc2 36. Nxf4 Nxf4 37. Rxf4 Rxb2 38. Rc4 Rb6 39. Kf2 Kf7 40.
g3 Ke6 41. Ke3 Rb3+ 42. Ke4 Kd6 43. f4 c5 44. g4 Rb2 45. h3 Rb3 46. h4 Rh3 47.
h5 gxh5 48. g5 Rb3 49. Rc2 h4 50. Rh2 h3 51. f5 Rb4+ 52. Kd3 Kd5 53. g6 hxg6
54. fxg6 Ke6 55. g7 Kf7 56. Ke3 Kxg7 57. Kf3 Kf6 58. Rc2 Rh4 0-1

[Event "LEM Nachwuchs M-V u16 vom 08.-11.07.202"]
[Site "MaJuWi Greifswald/Wieck"]
[Date "2021.07.09"]
[Round "2.3"]
[White "Tovmasyan, Minas"]
[Black "Tennigkeit, Paul"]
[Result "1-0"]
[WhiteElo "1771"]
[BlackElo "1569"]
[PlyCount "103"]
[EventDate "2021.??.??"]
[WhiteTeam "TuS Makkabi Rostock"]
[BlackTeam "Lok Pritzwalk"]

1. d4 d5 2. c4 e6 3. Nf3 c6 4. Qc2 Nf6 5. Nbd2 Bd6 6. g3 Nbd7 7. Bg2 O-O 8. O-O
b6 9. e4 dxe4 10. Nxe4 Nxe4 11. Qxe4 Bb7 12. Ne5 Nxe5 13. dxe5 Bc5 14. Rb1 Rb8
15. Qg4 Qd4 16. Qe2 Rfd8 17. Bg5 Qd3 18. Qxd3 Rxd3 19. Rfd1 Rd4 20. b3 h6 21.
Be3 Rxd1+ 22. Rxd1 Bxe3 23. fxe3 c5 24. Rd7 Bxg2 25. Kxg2 a5 26. Kf3 g6 27. h4
Kf8 28. Ke2 Ke8 29. Rc7 h5 30. Kf3 a4 31. Kf4 axb3 32. axb3 Kf8 33. Ke4 Ke8 34.
Kd3 Rd8+ 35. Kc2 Rd7 36. Rc8+ Rd8 37. Rc7 Rd7 38. Rc6 Rb7 39. Kd3 Kd7 40. Rd6+
Ke7 41. Ke4 f6 42. Kf4 Rb8 43. e4 Rb7 44. Rd3 f5 45. exf5 exf5 46. Rd6 Rd7 47.
Rxd7+ Kxd7 48. Kg5 Ke6 49. Kxg6 Kxe5 50. Kxh5 Kf6 51. Kh6 Ke6 52. Kg6 1-0

[Event "LEM Nachwuchs M-V u16 vom 08.-11.07.202"]
[Site "MaJuWi Greifswald/Wieck"]
[Date "2021.07.09"]
[Round "2.4"]
[White "Wellßow, Keoki"]
[Black "Scharf, Christian"]
[Result "1/2-1/2"]
[WhiteElo "1510"]
[BlackElo "1050"]
[PlyCount "35"]
[EventDate "2021.??.??"]
[WhiteTeam "TuS Makkabi Rostock"]
[BlackTeam "SG Güstrow"]

1. c4 c5 2. g3 Nf6 3. Bg2 d5 4. Nf3 Nc6 5. cxd5 Nxd5 6. O-O e5 7. d3 Be7 8. b3
O-O 9. Bb2 f6 10. Nc3 Nc7 11. Rc1 Bd7 12. Nd2 Rc8 13. Nd5 Be8 14. Nc3 b6 15.
Nc4 Nd4 16. Qd2 Bc6 17. Ne4 Nce6 18. Bh3 1/2-1/2

[Event "LEM Nachwuchs M-V u16 vom 08.-11.07.202"]
[Site "MaJuWi Greifswald/Wieck"]
[Date "2021.07.09"]
[Round "2.5"]
[White "Le, Tomab Linh"]
[Black "Warda, Valentino"]
[Result "1-0"]
[WhiteElo "1534"]
[BlackElo "1004"]
[PlyCount "37"]
[EventDate "2021.??.??"]
[WhiteTeam "SG Neubrandenburg"]
[BlackTeam "SF Schwerin"]

1. e4 c5 2. Nf3 g6 3. d4 e6 4. Be3 b6 5. Nc3 d5 6. dxc5 Bxc5 7. Bxc5 bxc5 8.
exd5 exd5 9. Qxd5 Qxd5 10. Nxd5 Kd7 11. O-O-O Kc6 12. Ne5+ Kb7 13. Nxf7 Bg4 14.
f3 Be6 15. Nxh8 Nc6 16. Kb1 Rd8 17. Nc3 Re8 18. Ne4 Rf8 19. Nxc5+ 1-0

[Event "LEM Nachwuchs M-V u16 vom 08.-11.07.202"]
[Site "MaJuWi Greifswald/Wieck"]
[Date "2021.07.09"]
[Round "2.6"]
[White "Breß, Amy Charlize"]
[Black "Hampe, Tobias"]
[Result "1-0"]
[WhiteElo "1551"]
[BlackElo "1247"]
[PlyCount "65"]
[EventDate "2021.??.??"]
[WhiteTeam "SAV Torgelow"]
[BlackTeam "Lok Pritzwalk"]

1. e4 e5 2. Nf3 Nc6 3. Bb5 d6 4. d4 a6 5. Bxc6+ bxc6 6. dxe5 d5 7. O-O Bc5 8.
c3 a5 9. Re1 Ne7 10. Be3 Bxe3 11. Rxe3 O-O 12. Nbd2 Ng6 13. h3 Re8 14. exd5
Qxd5 15. Nb3 Qxd1+ 16. Rxd1 Be6 17. Nbd4 Bxa2 18. Nxc6 h6 19. Rd7 Ra6 20. Rxc7
Bd5 21. Nfd4 Nf4 22. f3 Ne6 23. Ne7+ Rxe7 24. Rxe7 Kf8 25. Rd7 Bc4 26. Nxe6+
Bxe6 27. Rd6 Ra8 28. Red3 Ke7 29. Rb6 Ra7 30. Rdd6 a4 31. Ra6 Rb7 32. Rdb6 Rd7
33. Rxa4 1-0

[Event "LEM Nachwuchs M-V u16 vom 08.-11.07.202"]
[Site "MaJuWi Greifswald/Wieck"]
[Date "2021.07.09"]
[Round "2.7"]
[White "Ahmed Ibrahim, Labed"]
[Black "Brand, Hannes"]
[Result "1-0"]
[WhiteElo "1215"]
[BlackElo "1384"]
[PlyCount "73"]
[EventDate "2021.??.??"]
[WhiteTeam "SV Motor Wolgast"]
[BlackTeam "SC Mecklenburger Springer"]

1. d4 d5 2. c4 e6 3. Nc3 Nf6 4. Nf3 c6 5. Bg5 Nbd7 6. e3 Qa5 7. Bd3 dxc4 8.
Bxc4 Ne4 9. Bf4 Bb4 10. O-O Bxc3 11. bxc3 Qxc3 12. Rc1 Qb4 13. Qd3 Ndf6 14. Rb1
Qc3 15. Qe2 Qa5 16. Rfd1 Qd8 17. Rbc1 Nd5 18. Qd3 f5 19. Be5 O-O 20. Nd2 b5 21.
Bb3 Nb4 22. Qe2 a5 23. a4 bxa4 24. Bxa4 Na2 25. Nxe4 Nxc1 26. Rxc1 fxe4 27. Qg4
Ra7 28. Bxc6 Rf5 29. Bxe4 Rg5 30. Qh3 g6 31. g3 Rf7 32. Qh4 Rf8 33. Rxc8 Rxg3+
34. Qxg3 Qxc8 35. Bxg6 Qc1+ 36. Kg2 Qc6+ 37. Be4+ 1-0

[Event "LEM Nachwuchs M-V u16 vom 08.-11.07.202"]
[Site "MaJuWi Greifswald/Wieck"]
[Date "2021.07.09"]
[Round "2.8"]
[White "Ederle, Artöm"]
[Black "Decker, Nils"]
[Result "1-0"]
[WhiteElo "1591"]
[BlackElo "1334"]
[PlyCount "77"]
[EventDate "2021.??.??"]
[WhiteTeam "Greifswalder SV"]
[BlackTeam "SV Gryps"]

1. f4 d5 2. Nf3 Nf6 3. b3 Bf5 4. Bb2 e6 5. e3 Nbd7 6. Be2 Bd6 7. O-O c6 8. Ne5
Qc7 9. Nxd7 Kxd7 10. Bxf6 gxf6 11. d3 Rhg8 12. Kh1 Rg7 13. g4 Rag8 14. gxf5 e5
15. Bf3 exf4 16. e4 d4 17. c3 Bc5 18. Qd2 dxc3 19. Nxc3 Bd4 20. Rab1 Qb6 21.
Ne2 Be3 22. Qc3 Ke7 23. h3 Qc7 24. d4 b6 25. e5 fxe5 26. dxe5 Rg5 27. Be4 c5
28. Nxf4 Bd4 29. Qxd4 cxd4 30. Nd5+ Kd7 31. Nxc7 Kxc7 32. Rg1 Rxg1+ 33. Rxg1
Rd8 34. Rc1+ Kd7 35. Bd5 Ke8 36. Bc4 d3 37. Rd1 d2 38. f6 Rd4 39. Kg2 1-0

[Event "LEM Nachwuchs M-V u16 vom 08.-11.07.202"]
[Site "MaJuWi Greifswald/Wieck"]
[Date "2021.07.09"]
[Round "2.9"]
[White "Markovych, Leonid"]
[Black "Subocz, Gabriel"]
[Result "0-1"]
[WhiteElo "1218"]
[BlackElo "1380"]
[PlyCount "106"]
[EventDate "2021.??.??"]
[WhiteTeam "TuS Makkabi Rostock"]
[BlackTeam "SAV Torgelow"]

1. d4 Nf6 2. c4 g6 3. Nc3 Bg7 4. e4 d6 5. f3 O-O 6. Be3 Nbd7 7. Qd2 e5 8. d5 a5
9. O-O-O Nc5 10. g4 Bd7 11. h4 h5 12. gxh5 Nxh5 13. Bh6 Ra6 14. Nge2 Qa8 15.
Bh3 Rd8 16. Bxd7 Rxd7 17. Rdg1 a4 18. Bxg7 Kxg7 19. Qg5 Qh8 20. Ng3 Nd3+ 21.
Kc2 Ndf4 22. Nce2 Nxe2 23. Nxe2 Kf8 24. Ng3 Re7 25. Nxh5 Qxh5 26. Qxh5 gxh5 27.
Rg5 f6 28. Rxh5 c6 29. dxc6 Rxc6 30. Kd3 Rg7 31. Rh8+ Rg8 32. Rxg8+ Kxg8 33.
Rg1+ Kh7 34. h5 Rc7 35. Rg6 Rf7 36. Ke3 b5 37. cxb5 Rb7 38. Rxf6 Rxb5 39. Rxd6
Rxb2 40. f4 exf4+ 41. Kxf4 Rxa2 42. Ra6 Ra1 43. Kf3 a3 44. Ke2 a2 45. e5 Rh1
46. Rxa2 Rh2+ 47. Kd3 Rxa2 48. Ke4 Ra5 49. e6 Kg7 50. h6+ Kf8 51. h7 Rh5 52.
h8=Q+ Rxh8 53. Kd5 Ke7 0-1

[Event "LEM Nachwuchs M-V u16 vom 08.-11.07.202"]
[Site "MaJuWi Greifswald/Wieck"]
[Date "2021.07.09"]
[Round "2.10"]
[White "Kirchner, Bao Long Marc"]
[Black "Camen, Gerris"]
[Result "1-0"]
[WhiteElo "1224"]
[BlackElo "823"]
[PlyCount "51"]
[EventDate "2021.??.??"]
[WhiteTeam "TuS Makkabi Rostock"]
[BlackTeam "Lok Pritzwalk"]

1. e4 e5 2. Nf3 Nc6 3. d4 exd4 4. Nxd4 Nxd4 5. Qxd4 Qf6 6. Qxf6 Nxf6 7. Bd3 Bc5
8. O-O O-O 9. c3 a5 10. Bd2 Re8 11. b4 axb4 12. cxb4 Bd6 13. f3 Be5 14. Bc3
Bxc3 15. Nxc3 Ra3 16. Rac1 b6 17. Bb1 c6 18. b5 Bb7 19. Rfd1 d5 20. bxc6 Bxc6
21. exd5 Ba4 22. Nxa4 Rxa4 23. d6 Rd8 24. Rc7 Ra5 25. d7 Rd5 26. Rxd5 1-0

[Event "LEM Nachwuchs M-V u16 vom 08.-11.07.202"]
[Site "MaJuWi Greifswald/Wieck"]
[Date "2021.07.09"]
[Round "3.1"]
[White "Breß, Aaron"]
[Black "Großmann, Piet"]
[Result "1/2-1/2"]
[WhiteElo "1795"]
[BlackElo "1902"]
[PlyCount "90"]
[EventDate "2021.??.??"]
[WhiteTeam "SAV Torgelow"]
[BlackTeam "SAV Torgelow"]

1. e4 e6 2. d4 d5 3. e5 c5 4. c3 Nc6 5. Nf3 Bd7 6. a3 f6 7. Bd3 Qc7 8. O-O
O-O-O 9. Re1 fxe5 10. Nxe5 Nxe5 11. dxe5 Ne7 12. Nd2 g5 13. Nf3 h6 14. h3 Bg7
15. b4 c4 16. Bc2 Nc6 17. Qe2 Be8 18. b5 Ne7 19. Nd4 Qd7 20. a4 Bg6 21. Ba3
Bxc2 22. Qxc2 Rdf8 23. Bc5 Kb8 24. Bd6+ Kc8 25. Qb2 Nf5 26. Bxf8 Rxf8 27. Qd2
Ne7 28. a5 Ng6 29. a6 b6 30. Nc6 Qc7 31. Qe3 Rf7 32. Rad1 Bf8 33. Nd4 Bc5 34.
Rd2 Qe7 35. Rb2 Rf8 36. Qg3 Rf4 37. Nf3 Qf7 38. Rbe2 Nh4 39. Nd4 Bxd4 40. cxd4
Nf5 41. Qa3 Nxd4 42. Rb2 Qd7 43. Qb4 Qc7 44. Re3 Kd8 45. Kf1 Qe7 1/2-1/2

[Event "LEM Nachwuchs M-V u16 vom 08.-11.07.202"]
[Site "MaJuWi Greifswald/Wieck"]
[Date "2021.07.09"]
[Round "3.2"]
[White "Scharf, Christian"]
[Black "Tovmasyan, Minas"]
[Result "0-1"]
[WhiteElo "1050"]
[BlackElo "1771"]
[PlyCount "108"]
[EventDate "2021.??.??"]
[WhiteTeam "SG Güstrow"]
[BlackTeam "TuS Makkabi Rostock"]

1. e4 c5 2. Nf3 e6 3. c4 d6 4. Nc3 a6 5. d4 cxd4 6. Nxd4 Qc7 7. Be2 Nf6 8. O-O
Be7 9. Be3 b6 10. f4 Bb7 11. Qc2 Nbd7 12. b4 Rc8 13. Rac1 Qb8 14. Qd3 h5 15. h3
h4 16. Rfd1 Nh5 17. Bf3 Ng3 18. Nde2 g5 19. Nxg3 hxg3 20. e5 Bxf3 21. gxf3 gxf4
22. exd6 Qxd6 23. Qxd6 Bxd6 24. Rxd6 fxe3 25. Ne4 Ke7 26. Rd3 Rxh3 27. a3 Ne5
28. Rxe3 Rxc4 29. Rxc4 Nxc4 30. Rc3 Nd6 31. Nxd6 Kxd6 32. Kg2 Rh4 33. Kxg3 Rd4
34. f4 b5 35. Kf3 Rc4 36. Rd3+ Kc7 37. Ke3 Kc6 38. Kf3 Kb6 39. Rd6+ Rc6 40. Rd3
f5 41. Ke3 a5 42. bxa5+ Kxa5 43. Kd2 Ka4 44. Rf3 Rc4 45. Kd1 Re4 46. Kd2 Ka5
47. Rf1 Kb6 48. Rf3 Kc5 49. Kc3 Rc4+ 50. Kd2 Kd5 51. Rb3 Kc5 52. Ke3 Rc1 53.
Kf3 Kc4 54. Re3 Rc3 0-1

[Event "LEM Nachwuchs M-V u16 vom 08.-11.07.202"]
[Site "MaJuWi Greifswald/Wieck"]
[Date "2021.07.09"]
[Round "3.3"]
[White "Breß, Amy Charlize"]
[Black "Le, Tomab Linh"]
[Result "0-1"]
[WhiteElo "1551"]
[BlackElo "1534"]
[PlyCount "72"]
[EventDate "2021.??.??"]
[WhiteTeam "SAV Torgelow"]
[BlackTeam "SG Neubrandenburg"]

1. e4 d6 2. d4 Nf6 3. Nc3 g6 4. f4 Bg7 5. Nf3 O-O 6. Bd3 Nc6 7. e5 dxe5 8. fxe5
Ng4 9. Ne2 f6 10. h3 Nh6 11. exf6 exf6 12. c3 Re8 13. Bf4 Bf5 14. O-O Bxd3 15.
Qxd3 Qd7 16. Nh2 Nf7 17. Qd2 Re7 18. Ng4 Rae8 19. Nc1 g5 20. Bh2 f5 21. Nf2
Nce5 22. Ncd3 Nc4 23. Qc1 Ne3 24. Re1 Qc6 25. Rxe3 Rxe3 26. Qf1 f4 27. Ng4 R3e7
28. Re1 Rxe1 29. Nxe1 h5 30. Nf2 Qe6 31. Nfd3 h4 32. a3 Nd6 33. Nf3 Qe3+ 34.
Kh1 Ne4 35. a4 Qxd3 36. Qxd3 Nf2+ 0-1

[Event "LEM Nachwuchs M-V u16 vom 08.-11.07.202"]
[Site "MaJuWi Greifswald/Wieck"]
[Date "2021.07.09"]
[Round "3.4"]
[White "Röste, Hugo"]
[Black "Wellßow, Keoki"]
[Result "1-0"]
[WhiteElo "1597"]
[BlackElo "1510"]
[PlyCount "117"]
[EventDate "2021.??.??"]
[WhiteTeam "TuS Makkabi Rostock"]
[BlackTeam "TuS Makkabi Rostock"]

1. d4 g6 2. c4 Bg7 3. Nc3 d6 4. e4 Nc6 5. Be3 e5 6. d5 Nce7 7. Qd2 f5 8. exf5
Nxf5 9. Bg5 Nf6 10. O-O-O O-O 11. Bd3 Qe8 12. f3 h6 13. Bxf5 hxg5 14. Bxc8 Rxc8
15. Qxg5 Kf7 16. Kb1 Qd7 17. Nge2 Qf5+ 18. Qxf5 gxf5 19. f4 Ng4 20. Rde1 Ne3
21. fxe5 Bxe5 22. Ng3 Nxg2 23. Re2 Nh4 24. Rf2 f4 25. Nge4 Ke7 26. Ng5 a6 27.
Ne6 Rf5 28. Rhf1 Ng6 29. Ne2 Kd7 30. h3 c6 31. N6xf4 Nxf4 32. Nxf4 Rcf8 33.
dxc6+ Kxc6 34. Nd3 Rxf2 35. Rxf2 Rxf2 36. Nxf2 Bg3 37. Ne4 Bh4 38. Nc3 b5 39.
cxb5+ axb5 40. Kc2 Kc5 41. Kd3 d5 42. Nb1 d4 43. Na3 b4 44. Nc2 Bf6 45. b3 Bg7
46. h4 Bf6 47. h5 Bg7 48. Ke4 Bf6 49. h6 Bh8 50. h7 Bg7 51. Ne1 Bh8 52. Nf3 Bf6
53. Ne5 Bh8 54. Ng6 Bg7 55. h8=Q Bxh8 56. Nxh8 d3 57. Kxd3 Kd5 58. Ng6 Kc5 59.
Nf4 1-0

[Event "LEM Nachwuchs M-V u16 vom 08.-11.07.202"]
[Site "MaJuWi Greifswald/Wieck"]
[Date "2021.07.09"]
[Round "3.5"]
[White "Kruse, Johannes"]
[Black "Kirchner, Bao Long Marc"]
[Result "1-0"]
[WhiteElo "1448"]
[BlackElo "1224"]
[PlyCount "85"]
[EventDate "2021.??.??"]
[WhiteTeam "ESV Waren"]
[BlackTeam "TuS Makkabi Rostock"]

1. e4 c5 2. Nf3 e6 3. d4 cxd4 4. Nxd4 a6 5. Nc3 Nc6 6. Be3 Nf6 7. Be2 Be7 8.
Qd2 Qc7 9. O-O-O b5 10. f3 Bb7 11. g4 Ne5 12. g5 Nh5 13. Nb3 Rd8 14. Qe1 Nc4
15. Bxc4 Qxc4 16. Na5 Qc7 17. Nxb7 Qxb7 18. Qh4 g6 19. Bd4 Rg8 20. Qg4 Qc6 21.
e5 Rc8 22. Rd2 a5 23. h4 a4 24. Ne4 Bb4 25. Bc3 Bxc3 26. Nxc3 a3 27. Ne4 axb2+
28. Kxb2 Ke7 29. Rhd1 Rc7 30. Nf6 Qc3+ 31. Kb1 Ra8 32. Rxd7+ Rxd7 33. Rxd7+ Kf8
34. Qd4 Qe1+ 35. Kb2 Nxf6 36. gxf6 Ke8 37. Re7+ Kf8 38. Rxf7+ Kg8 39. Rg7+ Kh8
40. Rxh7+ Kg8 41. Rg7+ Kh8 42. Rxg6 Kh7 43. Qd7+ 1-0

[Event "LEM Nachwuchs M-V u16 vom 08.-11.07.202"]
[Site "MaJuWi Greifswald/Wieck"]
[Date "2021.07.09"]
[Round "3.6"]
[White "Tennigkeit, Paul"]
[Black "Ahmed Ibrahim, Labed"]
[Result "1-0"]
[WhiteElo "1569"]
[BlackElo "1215"]
[PlyCount "85"]
[EventDate "2021.??.??"]
[WhiteTeam "Lok Pritzwalk"]
[BlackTeam "SV Motor Wolgast"]

1. e4 c5 2. Nf3 Nc6 3. c3 g6 4. d4 cxd4 5. cxd4 d6 6. d5 Ne5 7. Nxe5 dxe5 8.
Nc3 Nf6 9. Bg5 Bg7 10. Rc1 O-O 11. Be2 Re8 12. O-O a6 13. h4 Nh5 14. Bxh5 gxh5
15. Qxh5 f6 16. Bd2 e6 17. f4 exd5 18. Nxd5 Be6 19. Qf3 Qd7 20. fxe5 Bxd5 21.
exd5 Rxe5 22. Bc3 Rxd5 23. Rcd1 Rxd1 24. Rxd1 Qe6 25. Qxb7 Qe3+ 26. Kh1 Ra7 27.
Qd5+ Kf8 28. Bb4+ Re7 29. Qd8+ Kf7 30. Bxe7 Qxe7 31. Qxe7+ Kxe7 32. b3 f5 33.
g3 Ke6 34. Kg2 a5 35. Kf3 Bc3 36. g4 fxg4+ 37. Kxg4 Ke5 38. Rb1 h6 39. a3 Kd4
40. b4 axb4 41. axb4 Kd5 42. Kh5 Bd2 43. Rd1 1-0

[Event "LEM Nachwuchs M-V u16 vom 08.-11.07.202"]
[Site "MaJuWi Greifswald/Wieck"]
[Date "2021.07.09"]
[Round "3.7"]
[White "Subocz, Gabriel"]
[Black "Ederle, Artöm"]
[Result "0-1"]
[WhiteElo "1380"]
[BlackElo "1591"]
[PlyCount "22"]
[EventDate "2021.??.??"]
[WhiteTeam "SAV Torgelow"]
[BlackTeam "Greifswalder SV"]

1. e4 c5 2. Nf3 e6 3. d4 cxd4 4. Nxd4 Nc6 5. Nc3 Qc7 6. g3 Nf6 7. Bg2 a6 8. O-O
Be7 9. h3 O-O 10. f4 Nxd4 11. Qxd4 Bc5 0-1

[Event "LEM Nachwuchs M-V u16 vom 08.-11.07.202"]
[Site "MaJuWi Greifswald/Wieck"]
[Date "2021.07.09"]
[Round "3.8"]
[White "Hampe, Tobias"]
[Black "Warda, Valentino"]
[Result "0-1"]
[WhiteElo "1247"]
[BlackElo "1004"]
[PlyCount "103"]
[EventDate "2021.??.??"]
[WhiteTeam "Lok Pritzwalk"]
[BlackTeam "SF Schwerin"]

1. e4 c5 2. Nf3 Nc6 3. Bc4 h6 4. c3 g6 5. O-O Bg7 6. d4 b6 7. d5 Na5 8. Bb3
Nxb3 9. axb3 Bb7 10. Re1 Nf6 11. c4 O-O 12. Bf4 Nh5 13. Be5 Bxe5 14. Nxe5 d6
15. Ng4 Kg7 16. Nd2 Bc8 17. e5 f5 18. exf6+ Nxf6 19. Nxf6 exf6 20. Qf3 f5 21.
Re3 Qg5 22. Rae1 Bd7 23. Qg3 Qf6 24. Nf1 f4 25. Re7+ Rf7 26. Qc3 Qxc3 27. bxc3
Bf5 28. Nd2 Kf8 29. Rxf7+ Kxf7 30. g3 fxg3 31. hxg3 a5 32. f3 Re8 33. Ne4 Bxe4
34. Rxe4 Rxe4 35. fxe4 Kf6 36. Kf2 Ke5 37. Kf3 h5 38. Ke3 g5 39. Kf3 h4 40.
gxh4 gxh4 41. Kg4 Kxe4 42. Kxh4 Kd3 43. Kg4 Kxc3 44. Kf5 Kxb3 45. Ke6 Kxc4 46.
Kxd6 a4 47. Ke6 a3 48. Kd6 a2 49. Kc6 a1=Q 50. d6 Qf6 51. Kxb6 Kd4 52. Kc7 0-1